[Event "64th ch-RUS HL"]
[Site "Taganrog RUS"]
[Date "2011.06.19"]
[Round "5"]
[White "Bocharov,D"]
[Black "Reshetnikov,Al"]
[Result "0-1"]
[WhiteElo "2580"]
[BlackElo "2487"]
[EventDate "2011.06.15"]

1. c4 c5 2. Nc3 Nc6 3. Nf3 g6 4. e3 Bg7 5. d4 d6 6. Be2 Nf6 7. O-O O-O 8.
d5 Na5 9. e4 Bg4 10. Ne1 Bxe2 11. Qxe2 Re8 12. Nc2 e6 13. dxe6 Rxe6 14. f3
Nd7 15. Bd2 a6 16. Rad1 Rb8 17. Kh1 Ne5 18. b3 Nac6 19. f4 Nd7 20. Qf3 b5
21. Nd5 bxc4 22. bxc4 Nb6 23. Bc3 Re8 24. e5 Nxc4 25. Nf6+ Bxf6 26. Qxc6
Bg7 27. Qxa6 d5 28. Qc6 Rc8 29. Qxd5 Qxd5 30. Rxd5 Bf8 31. Ra1 Ra8 32. Rd3
Ra4 33. a3 Rea8 34. Be1 Nb6 35. g3 Re4 36. Re3 Rc4 37. Re2 Nd5 38. Kg2 Rxc2
0-1

[Event "64th ch-RUS HL"]
[Site "Taganrog RUS"]
[Date "2011.06.19"]
[Round "5"]
[White "Fedoseev,Vl3"]
[Black "Chadaev,N"]
[Result "1/2-1/2"]
[WhiteElo "2506"]
[BlackElo "2577"]
[EventDate "2011.06.15"]

1. d4 d5 2. c4 c6 3. Nf3 Nf6 4. Qb3 dxc4 5. Qxc4 Bf5 6. Nc3 Nbd7 7. g3 e6
8. Bg2 Be7 9. O-O O-O 10. Re1 Bg6 11. Bf4 Nd5 12. Bd2 Nb4 13. Ne4 Nb6 14.
Qb3 Qd5 15. Bxb4 Qxb3 16. axb3 Bxb4 17. Nc3 Rfd8 18. Rec1 a5 19. e3 Nd7 20.
Ne2 h6 21. Nf4 Bh7 22. g4 Be4 23. h4 Be7 24. h5 Bxf3 25. Bxf3 e5 26. Ne2
exd4 27. Nxd4 Bf6 28. Rd1 Nc5 29. Ra3 Kf8 30. Kg2 Bxd4 31. exd4 Ne6 32. d5
Nf4+ 33. Kg3 Nxd5 34. Bxd5 cxd5 35. b4 axb4 36. Rxa8 Rxa8 37. Rxd5 Ra2 38.
Rd2 Ke7 39. Kf3 Ke6 40. Ke3 f5 41. f3 b3 42. gxf5+ Kxf5 43. Rg2 Kf6 44. f4
Kf7 45. Kf3 Ra1 46. Kg4 Rb1 47. Kf5 Rh1 48. Kg4 Rb1 49. Kf5 Rh1 50. Kg4 Rb1
1/2-1/2

[Event "64th ch-RUS HL"]
[Site "Taganrog RUS"]
[Date "2011.06.19"]
[Round "5"]
[White "Khairullin,I"]
[Black "Bryzgalin,K"]
[Result "1-0"]
[WhiteElo "2649"]
[BlackElo "2473"]
[EventDate "2011.06.15"]

1. e4 c5 2. Nf3 Nc6 3. d4 cxd4 4. Nxd4 e6 5. Nc3 Qc7 6. Be3 Nf6 7. f4 Nxd4
8. Bxd4 Qxf4 9. g3 Qc7 10. e5 Nd5 11. Nxd5 exd5 12. Bg2 Be7 13. Bxd5 O-O
14. O-O Bc5 15. b4 Bb6 16. Qd3 d6 17. Rxf7 Rxf7 18. Rf1 Be6 19. Bxe6 Raf8
20. Bxb6 Qxb6+ 21. Kg2 dxe5 22. Qd7 Qc6+ 23. Qxc6 bxc6 24. Rxf7 Rxf7 25.
Bxf7+ Kxf7 26. Kf3 Ke6 27. Ke4 h5 28. h4 Kd6 29. c4 Ke6 30. a4 Kd6 31. Kf5
g6+ 32. Ke4 Ke6 33. b5 Kd6 34. a5 Kc5 35. b6 1-0

[Event "64th ch-RUS HL"]
[Site "Taganrog RUS"]
[Date "2011.06.19"]
[Round "5"]
[White "Lastin,A"]
[Black "Evdokimov,Alexa"]
[Result "1/2-1/2"]
[WhiteElo "2617"]
[BlackElo "2561"]
[EventDate "2011.06.15"]

1. e4 c5 2. Nf3 Nc6 3. d4 cxd4 4. Nxd4 g6 5. Nc3 Bg7 6. Be3 Nf6 7. Bc4 O-O
8. Bb3 d6 9. f3 Bd7 10. Qd2 Nxd4 11. Bxd4 b5 12. a4 b4 13. Nd5 Nxd5 14.
exd5 Bxd4 15. Qxd4 Qa5 16. h4 e5 17. dxe6 Bxe6 18. O-O-O Rfe8 19. Bxe6 Rxe6
20. Qd5 Qxd5 21. Rxd5 Rc8 22. Kd2 Rce8 23. Kd1 h5 24. Rd4 Re2 25. Rd2 R2e6
26. Rd4 Re2 27. Rd2 R2e6 28. Rd4 Re2 1/2-1/2